| 000 | 00780cam a2200253 a 4500 | ||
|---|---|---|---|
| 001 | TB12475 | ||
| 003 | IN-BhIIT | ||
| 005 | 20250707170515.0 | ||
| 008 | 941011s1995 nyua b 001 0 eng | ||
| 020 | _a9781107605282 (pbk.) | ||
| 040 | _aIN-BhIIT | ||
| 041 | _aeng | ||
| 082 | 0 | 0 |
_a537.6225 _bDAT/E |
| 100 | 1 |
_aDatta, Supriyo _eAuthor _919701 |
|
| 245 | 1 | 0 |
_aElectronic transport in mesoscopic systems / _cby Supriyo Datta. |
| 260 |
_aNew Delhi : _bCambridge University Press, _c2016. |
||
| 300 |
_axv, 377 p. : _bill. ; _c24 cm. |
||
| 504 | _aIncludes bibliographical references and index. | ||
| 650 | 0 |
_aElectron transport. _910532 |
|
| 650 | 0 | _aSemiconductors. | |
| 650 | 0 |
_aGreen's functions. _919578 |
|
| 650 | 0 |
_aMesoscopic phenomena (Physics) _919417 |
|
| 942 | _cTB | ||
| 999 |
_c14923 _d14923 |
||